000 00968nam a22002177a 4500
999 _c60070
_d60070
003 Ge_BSU
005 20230605101025.0
008 230605s2018ge xxu||||| |||| 00| 0 geo d
022 _29788378932116
041 _ageo
080 _a791(479.22) ხ-93
100 _aხუნდაძე, ხათუნა
_918439
245 _aმონანიება
_b[ქართული კინო:] /
_cშემდ: ხათუნა ხუნდაძე, რედ. მზია ქურცაძე, თ. აბულაძე რეჟისორი.
264 _aთბილისი :
_bWojnowice,
_c2018.
300 _a48 გვ.:
_bილ;
_c23სმ.
653 _aმონანიება
700 _a ქურცაძე, მზია
_eრედაქტორი
_918456
700 _aაბულაძე, თენგიზ
_eრეჟისორი
_918451
710 _aქართული ფილმი
_918452
942 _2udc
_cBK